000 00387nam a2200157Ia 4500
008 210716s1999 xx 000 0 und d
020 _a8176561819
041 _aeng
082 _a004.6001 ROFA
100 _aRofail, Ash; Shohoud, Yasser.
245 _aMastering COM and COM+.
250 _a1
260 _aNew Delhi
_bBPB Publications
_c1999
300 _axxvi,693
650 _aNone
999 _c184060
_d184060